Cinémas d'Asie, d'hier et d'aujourd'hui : Japon, Corée du Sud, Taïwan, Chine, Hongkong (notice n° 1568397)
[ vue normale ]
| 000 -LEADER | |
|---|---|
| fixed length control field | 01254cam a2200133 4500500 |
| 005 - DATE AND TIME OF LATEST TRANSACTION | |
| control field | 20251214004257.0 |
| 041 ## - LANGUAGE CODE | |
| Language code of text/sound track or separate title | fre |
| 042 ## - AUTHENTICATION CODE | |
| Authentication code | dc |
| 100 10 - MAIN ENTRY--PERSONAL NAME | |
| Personal name | Monvoisin, Frédéric |
| Relator term | author |
| 245 00 - TITLE STATEMENT | |
| Title | Cinémas d'Asie, d'hier et d'aujourd'hui : Japon, Corée du Sud, Taïwan, Chine, Hongkong |
| 260 ## - PUBLICATION, DISTRIBUTION, ETC. | |
| Name of publisher, distributor, etc. | Armand Colin,<br/> |
| Date of publication, distribution, etc. | 2015.<br/> |
| 520 ## - SUMMARY, ETC. | |
| Summary, etc. | Prenant comme point de départ la naissance du cinéma japonais et son influence sur les autres cinématographies dont l’histoire est directement liée aux événements politiques et sociaux de leur territoire, cet ouvrage retrace près de cent vingt ans de cinémas asiatiques. Illustré de photogrammes (objets rares et films incontournables), il met l’accent sur la diversité et la richesse de ces productions et aide à comprendre les mécanismes dans lesquels les films, les thèmes et les motifs apparaissent. Cet ouvrage intéressera l’étudiant en cinéma et audiovisuel qui cherche à avoir une vision synthétique en vue d’approfondir une période ou une œuvre particulière, tout comme le passionné qui souhaite simplement découvrir ces cinémas d’Asie. |
| 856 41 - ELECTRONIC LOCATION AND ACCESS | |
| Uniform Resource Identifier | <a href="https://shs.cairn.info/cinemas-d-asie-d-hier-et-d-aujourd-hui--9782200291242?lang=fr&redirect-ssocas=7080">https://shs.cairn.info/cinemas-d-asie-d-hier-et-d-aujourd-hui--9782200291242?lang=fr&redirect-ssocas=7080</a> |
Pas d'exemplaire disponible.




Réseaux sociaux